000 00750nmc a2200253 a 4500
003 AR-BaBNM
005 20251128211255.0
008 243020s1993 ||||||||||||||000 | spa||
020 _a950-518-821-8
040 _cAR-BaBNM
245 1 0 _aCogniciones distribuidas
_bconsideraciones psicológicas y educativas
260 _aBuenos Aires
_bAmorrortu
_c1993
300 _a329 p.
490 0 _aAgenda educativa
504 _aContiene referencias bibliográficas al final de cada capítulo
650 4 _aTEORIAS DEL APRENDIZAJE
650 4 _aCOGNICION
650 4 _aTEORIA DEL CONOCIMIENTO
653 _aPSICOLOGIA COGNITIVA
700 1 _aSalomon, Gavriel
_ecompilador
800 1 _aLitwin, Edith
_edirector
942 _cBK
998 _craquel
999 _c18953
_d18953